[Event "V Copa Marcel Duchamp 2022"]
[Site "Montevideo"]
[Date "2022.02.13"]
[Round "2.13"]
[White "Salguero, Rafael"]
[Black "Hoffman, Alejandro"]
[Result "1-0"]
[WhiteElo "1948"]
[BlackElo "2403"]
[Annotator "TA RC"]
[PlyCount "101"]
[EventDate "2022.02.12"]
[EventCountry "URU"]
[SourceTitle "playchess.com"]
[Source "ChessBase"]
[SourceQuality "1"]

{[%evp 21,101,62,57,74,66,58,70,52,58,50,56,35,72,86,54,61,59,54,75,60,78,79,60,42,30,0,24,0,0,0,0,0,0,0,24,-50,0,0,0,-279,-267,-554,-301,-242,-194,-194,-194,-194,-193,-189,-134,-153,-114,-114,-114,-154,-155,-157,-135,-147,-46,-614,-99,-115,-96,-112,0,0,0,0,102,131,379,370,29980,29981,29979,29979,29967,29959,29995,29996]} 1. d4 Nf6 2. c4 c5 3. d5 b5 4. cxb5 a6 5. bxa6 g6 6. Nc3 Bxa6 7. e4 Bxf1 8. Kxf1 d6 9. g3 Bg7 10. Kg2 Nbd7 11. Nf3 O-O 12. a4 {A59: Benko/Volga Gambit: White castles by hand.} Ra6 13. Qc2 {13.Qe2 is more fashionable.} Qa8 14. Ra3 {White is slightly better.} e6 15. dxe6 fxe6 16. Rd1 d5 17. exd5 exd5 18. Nb5 $1 Qb7 {Prevents Nc7.} 19. Bf4 {[#]} Rb6 $146 ({Predecessor:} 19... Nh5 20. Bd6 Rc8 21. Qe2 d4 22. Qe6+ Kh8 23. Kg1 Nf8 24. Qc4 Nd7 25. Qf7 Raa8 26. Re1 Nhf6 27. Re7 Rg8 28. Ne5 Rad8 29. Qe6 {1-0 (30) Fodor,T (2302)-Brustkern,J (2240) Budapest 2006}) 20. Bd6 Rc8 21. Kg1 {White is much more active.} Ne4 {Prevents Ng5.} 22. Bf4 c4 23. Nfd4 Bf8 24. f3 Bxa3 25. bxa3 Nec5 $36 {[%mdl 2048] Black has some pressure.} 26. Nd6 Rxd6 27. Bxd6 Qa6 28. Bf4 ({White should try} 28. Nb5 $11) 28... Re8 (28... Nd3 $1 $15) 29. Nb5 $11 Nd3 {aiming for ...Qb6+.} 30. Bc7 {[%mdl 8192] Prevents Qb6+.} (30. Nc7 $11 Qa7+ 31. Kf1) 30... N7c5 $1 $19 {White must now prevent ...Ne1. Pair of Knights!} 31. Nc3 $2 (31. Rf1) 31... Qc6 {...Ne6 is the strong threat.} 32. Bf4 Nxf4 33. gxf4 Nd3 34. Rxd3 cxd3 35. Qxd3 {[%mdl 4096] Endgame KQR-KQN} Rd8 (35... Qc5+ $19 36. Kg2 Re3 37. Qxd5+ Qxd5 38. Nxd5 Rxa3) 36. Kg2 d4 37. Ne4 Qxa4 38. Ng5 Qc6 39. Qb3+ Qd5 40. Qd3 Rc8 (40... Kg7 $17 41. Kg3 h6) 41. h4 $2 {[%mdl 8192]} (41. Qa6 $15 Rd8 42. Ne4) 41... Qd7 $2 (41... Qa2+ $19 {has better winning chances.} 42. Kg3 Rc2) 42. Kg3 $17 Kg7 43. h5 Rc3 ({Better is} 43... Rc6 $1 $17 {Threatens to win with ...h6.} 44. hxg6 Rxg6) 44. Qe4 $11 Re3 ({Don't play} 44... Rxa3 45. Qe5+ Kh6 46. hxg6 Kxg6 47. Ne6 $11) 45. Qb1 Qc7 {[#]} (45... Rxa3 $2 46. h6+ Kf8 47. Nxh7+ $1 {[%mdl 512]} Ke7 48. Ng5 $18) (45... Qd5 $11 {keeps the balance.}) 46. h6+ $1 $16 Kf6 $2 (46... Kf8 $16) 47. Qb4 $18 {White threatens Qf8+ and mate. Dancing on a razor blade.} Qd8 {Prevents Qf8+.} (47... Re8 $18 48. Qxd4+ Ke7 49. Nxh7 Qc1) 48. Nxh7+ {White mates.} Ke6 49. Ng5+ Kf6 50. h7 Re7 51. h8=Q+ {Weighted Error Value: White=0.39/Black=0.61} 1-0

[Event "V Copa Marcel Duchamp 2022"]
[Site "Montevideo"]
[Date "2022.02.13"]
[Round "2.14"]
[White "Umetsubo, Cesar Hidemitsu"]
[Black "Nejanky, Maisa"]
[Result "1-0"]
[WhiteElo "2402"]
[BlackElo "1948"]
[Annotator "TA"]
[PlyCount "109"]
[EventDate "2022.02.12"]
[EventCountry "URU"]
[SourceTitle "playchess.com"]
[Source "ChessBase"]
[SourceQuality "1"]

{[%evp 20,109,25,16,17,-28,-22,-33,-32,-34,-6,-35,0,0,119,102,92,65,243,234,321,321,327,325,319,323,323,324,322,302,314,313,296,156,160,157,198,150,152,152,149,152,152,152,152,148,203,197,199,188,287,278,269,258,249,223,218,215,220,200,439,427,461,453,453,447,437,284,417,114,114,114,29969,29970,29970,29971,29974,114,29976,29977,29981,29982,29982,29983,29983,29982,29984,29985,29985,29985,29986,29986]} 1. d4 Nf6 2. c4 e6 3. Nc3 Bb4 4. e3 O-O 5. a3 Bxc3+ 6. bxc3 c5 7. Bd3 Nc6 8. Ne2 {[%cal Bg1e2,Be2g3,Bg3e4,Be4g5,Bg5e6][%mdl 32]} d6 9. O-O b6 10. e4 Ne8 11. f4 f5 {E29: Nimzo-Indian: Sämisch: 5...0-0 6 e3 c5 7 Bd3 Nc6.} 12. Be3 (12. Ng3 $142) 12... Na5 (12... Nf6 {is more complex.} 13. Ng3 Ng4 14. Qe1 Qh4 15. h3 Nxe3 16. Qxe3 cxd4 17. cxd4 Nxd4 18. Rae1 Bb7) 13. Ng3 g6 {Black is slightly better.} 14. Qe2 {[#]} Qc7 $146 ({Predecessor:} 14... Ng7 15. e5 Ba6 16. Bf2 Rc8 17. d5 dxe5 18. fxe5 exd5 19. cxd5 c4 20. Bc2 Qxd5 {0-1 (60) Ghyselen,W (2118)-Sadkowsky,D (2338) Ghent 2012}) 15. Rad1 Ba6 16. d5 fxe4 (16... Qf7 $11 {keeps the balance.}) 17. Nxe4 $16 Ng7 18. Ng5 {White is more active.} Rae8 {[#]} (18... exd5 $14 19. cxd5 Bxd3 20. Qxd3 Qd7) 19. Nxe6 $1 $18 Nxe6 20. dxe6 Rxe6 21. f5 gxf5 22. Bxf5 Ref6 23. Qg4+ Qg7 {[#]} 24. Bg5 $1 {White threatens Be6+ and mate. A strong pair of Bishops.} Bxc4 {And now ...R6f7 would win.} 25. Bxf6 Rxf6 26. Rf4 {Really sharp!} (26. Rf2 $18) 26... Qxg4 $16 27. Rxg4+ Kh8 {[#]} (27... Kf7 $16) 28. Re1 $1 Bf7 29. Bd3 $36 {[%mdl 2048] Re7 is the strong threat. White is really pushing.} Nc6 {Inhibits Re7.} 30. Rf1 Rxf1+ 31. Bxf1 {[%mdl 4096] Endgame KRB-KBN} Ne5 32. Rg3 Bg6 (32... Bc4 $16 33. Bxc4 Nxc4) 33. h4 $18 h6 34. Kf2 h5 (34... Bf5 $142 35. Ke3 Bc2) 35. Be2 Kh7 36. Rg5 Kh6 37. g4 hxg4 38. Bxg4 b5 39. Be2 c4 $2 (39... a6 {is a better defense.} 40. Ke3 Bf7) 40. Ke3 a5 41. Kd4 Bf7 42. Ke4 Be6 43. Bd1 Bf7 (43... b4 $142 44. axb4 axb4 45. cxb4 Nd3) 44. Rxe5 $2 (44. Ke3 $18 Be8 45. Rg2) 44... dxe5 $16 45. Kxe5 $18 {KB-KB} b4 $2 {[%mdl 8192]} (45... Kg7 $16 46. Kd4 Kh6) 46. axb4 axb4 47. cxb4 {[%cal Bc3b4,Bb4b5,Bb5b6][%mdl 32]} c3 48. Kd4 $2 (48. b5 {mates} Bh5 49. Bc2 Bf3 50. Kd4 Kh5 51. Kxc3 Ba8 52. Kd4 Bg2 53. b6) 48... c2 $2 {[%mdl 8192]} (48... Bh5 $16) 49. Bxc2 {White mates.} Kh5 50. b5 Be6 51. b6 Bc8 52. Ke5 Kxh4 53. Kd6 Bb7 54. Kc7 Ba8 55. Ba4 {Weighted Error Value: White=0.46/Black=0.61} 1-0

[Event "V Copa Marcel Duchamp 2022"]
[Site "Montevideo"]
[Date "2022.02.13"]
[Round "2.15"]
[White "Durante, Aurelio"]
[Black "Labollita, Martin"]
[Result "1/2-1/2"]
[WhiteElo "1944"]
[BlackElo "2388"]
[Annotator "RC"]
[PlyCount "66"]
[EventDate "2022.02.12"]
[EventCountry "URU"]
[SourceTitle "playchess.com"]
[Source "ChessBase"]
[SourceQuality "1"]
[TimeControl "5400+30"]

1. e4 {[%emt 0:00:00]} Nf6 {[%emt 0:00:00]} 2. e5 {[%emt 0:00:36]} Nd5 {[%emt 0:00:39]} 3. c4 {[%emt 0:00:07]} Nb6 {[%emt 0:00:04]} 4. d4 {[%emt 0:00:06]} d6 {[%emt 0:00:05]} 5. exd6 {[%emt 0:00:07]} exd6 {[%emt 0:00:07]} 6. Nc3 {[%emt 0:00:14]} Be7 {[%emt 0:00:07]} 7. Be3 {[%emt 0:00:43]} c6 {[%emt 0:01:13]} 8. h3 {[%emt 0:05:04]} Bf5 {[%emt 0:02:42]} 9. Nf3 {[%emt 0:02:30]} O-O {[%emt 0:11:49]} 10. Be2 {[%emt 0:08:37]} Re8 {[%emt 0:14:52]} 11. Qb3 {[%emt 0:14:47]} Qc8 {[%emt 0:13:38]} 12. O-O {[%emt 0:05:56]} Na6 {[%emt 0:03:30]} 13. a3 {[%emt 0:03:26]} Nd7 {[%emt 0:08:31]} 14. Rfe1 {[%emt 0:03:58]} Nc7 {[%emt 0:01:14]} 15. Rad1 {[%emt 0:01:16]} h6 {[%emt 0:00:22]} 16. d5 {[%emt 0:06:12]} c5 {[%emt 0:01:30]} 17. Bf4 {[%emt 0:01:56]} Bf8 {[%emt 0:03:49]} 18. Bf1 {[%emt 0:02:14]} Rb8 {[%emt 0:02:08]} 19. Rxe8 {[%emt 0:05:45]} Nxe8 {[%emt 0:00:34]} 20. Nd2 {[%emt 0:03:44]} a6 {[%emt 0:05:22]} 21. Re1 {[%emt 0:01:20]} Ndf6 {[%emt 0:03:02]} 22. Nce4 {[%emt 0:03:44]} Nxe4 {[%emt 0:16:19]} 23. Nxe4 {[%emt 0:00:10]} b5 {[%emt 0:00:38]} 24. cxb5 {[%emt 0:03:35]} axb5 {[%emt 0:00:07]} 25. Ng3 {[%emt 0:13:17]} Bg6 {[%emt 0:03:45]} 26. Bxb5 {[%emt 0:06:34]} Nc7 {[%emt 0:00:53]} 27. a4 {[%emt 0:00:49]} Qb7 {[%emt 0:03:32]} 28. Ne4 {[%emt 0:00:39]} Bxe4 {[%emt 0:01:33]} 29. Rxe4 {[%emt 0:00:03]} Nxd5 {[%emt 0:00:06]} 30. Qg3 {[%emt 0:04:27]} Nc3 {[%emt 0:01:34]} 31. Re1 {[%emt 0:01:00]} Nxb5 {[%emt 0:00:58]} 32. axb5 {[%emt 0:00:10]} Qxb5 {[%emt 0:01:10]} 33. Bxd6 {[%emt 0:00:33]} Bxd6 {[%emt 0:00:27]} 1/2-1/2

[Event "V Copa Marcel Duchamp 2022"]
[Site "Montevideo"]
[Date "2022.02.13"]
[Round "2.16"]
[White "Vitoux, Colomban"]
[Black "Rodriguez Farias, Eduardo"]
[Result "1-0"]
[WhiteElo "2372"]
[BlackElo "1931"]
[Annotator "ChessBase"]
[PlyCount "59"]
[EventDate "2022.02.12"]
[EventCountry "URU"]
[SourceTitle "playchess.com"]
[Source "ChessBase"]
[SourceQuality "1"]
[TimeControl "5400+30"]

1. Nf3 {[%emt 0:07:58]} Nf6 {[%emt 0:00:16]} 2. c4 {[%emt 0:00:19]} c5 {[%emt 0:00:29]} 3. g3 {[%emt 0:00:45]} d5 {[%emt 0:01:39]} 4. cxd5 {[%emt 0:00:07]} Nxd5 {[%emt 0:00:07]} 5. Bg2 {[%emt 0:00:38]} Nc6 {[%emt 0:00:39]} 6. b3 {[%emt 0:00:43]} e5 {[%emt 0:03:28]} 7. Bb2 {[%emt 0:00:10]} f6 {[%emt 0:00:08]} 8. O-O {[%emt 0:00:15]} Be7 {[%emt 0:03:20]} 9. Nc3 {[%emt 0:00:24]} Nc7 {[%emt 0:00:58]} 10. Rc1 {[%emt 0:01:19]} Bd7 {[%emt 0:00:28]} 11. e3 {[%emt 0:07:40]} Bg4 {[%emt 0:15:24]} 12. h3 {[%emt 0:02:18]} Bh5 {[%emt 0:00:08]} 13. g4 {[%emt 0:16:32]} Bg6 {[%emt 0:00:30]} 14. d4 {[%emt 0:01:33]} exd4 {[%emt 0:21:06]} 15. exd4 {[%emt 0:00:11]} cxd4 {[%emt 0:00:16]} 16. Ne2 {[%emt 0:01:57]} Ne6 {[%emt 0:00:32]} 17. Nfxd4 {[%emt 0:22:00]} Ncxd4 {[%emt 0:04:07]} 18. Nxd4 {[%emt 0:00:05]} Nf4 {[%emt 0:04:05]} 19. Qf3 {[%emt 0:05:15]} Nxg2 {[%emt 0:04:08]} 20. Qxg2 {[%emt 0:00:49]} Qd7 {[%emt 0:03:17]} 21. Rfd1 {[%emt 0:06:28]} Rd8 {[%emt 0:02:39]} 22. Qf3 {[%emt 0:01:10]} Qd5 {[%emt 0:03:27]} 23. Qxd5 {[%emt 0:09:57]} Rxd5 {[%emt 0:00:14]} 24. Rc7 {[%emt 0:02:52]} Kf7 {[%emt 0:21:00]} 25. f4 {[%emt 0:05:43]} h5 {[%emt 0:05:01]} 26. Re1 {[%emt 0:01:11]} Re8 {[%emt 0:00:59]} 27. Ba3 {[%emt 0:03:17]} Rxd4 {[%emt 0:00:21]} 28. f5 {[%emt 0:00:27]} Bh7 {[%emt 0:00:28]} 29. Rcxe7+ {[%emt 0:00:20]} Rxe7 {[%emt 0:00:24]} 30. Rxe7+ {[%emt 0:00:07]} 1-0

[Event "V Copa Marcel Duchamp 2022"]
[Site "Montevideo"]
[Date "2022.02.13"]
[Round "2.17"]
[White "Pinero, Ismael"]
[Black "Coro, Lucas"]
[Result "0-1"]
[WhiteElo "1906"]
[BlackElo "2355"]
[Annotator "ChessBase"]
[PlyCount "72"]
[EventDate "2022.02.12"]
[EventCountry "URU"]
[SourceTitle "playchess.com"]
[Source "ChessBase"]
[SourceQuality "1"]
[TimeControl "5400+30"]

1. e4 {[%emt 0:00:30]} c5 {[%emt 0:01:34]} 2. Nf3 {[%emt 0:00:07]} d6 {[%emt 0:01:00]} 3. d4 {[%emt 0:00:27]} cxd4 {[%emt 0:00:33]} 4. Nxd4 {[%emt 0:00:15]} Nf6 {[%emt 0:00:16]} 5. Nc3 {[%emt 0:00:11]} a6 {[%emt 0:00:19]} 6. f3 {[%emt 0:00:07]} e5 {[%emt 0:00:51]} 7. Nb3 {[%emt 0:00:02]} Be6 {[%emt 0:03:46]} 8. Be3 {[%emt 0:00:22]} Be7 {[%emt 0:00:14]} 9. Qd2 {[%emt 0:00:05]} O-O {[%emt 0:00:16]} 10. O-O-O {[%emt 0:00:14]} a5 {[%emt 0:00:25]} 11. Bb5 {[%emt 0:00:56]} Na6 {[%emt 0:01:41]} 12. g4 {[%emt 0:01:38]} Nc7 {[%emt 0:01:48]} 13. Qe2 {[%emt 0:13:48]} Qc8 {[%emt 0:04:40]} 14. g5 {[%emt 0:03:44]} Nh5 {[%emt 0:01:46]} 15. Kb1 {[%emt 0:04:43]} g6 {[%emt 0:15:14]} 16. Rhg1 {[%emt 0:13:17]} Kh8 {[%emt 0:00:31]} 17. h4 {[%emt 0:07:08]} Nxb5 {[%emt 0:27:25]} 18. Qxb5 {[%emt 0:06:48]} a4 {[%emt 0:00:19]} 19. Nd2 {[%emt 0:03:34]} Qc6 {[%emt 0:01:25]} 20. a3 {[%emt 0:07:01]} Rfc8 {[%emt 0:04:50]} 21. Qd3 {[%emt 0:07:23]} f5 {[%emt 0:10:35]} 22. Nd5 {[%emt 0:02:42]} Bxd5 {[%emt 0:01:19]} 23. exd5 {[%emt 0:00:04]} Qc7 {[%emt 0:01:45]} 24. c4 {[%emt 0:01:41]} Bf8 {[%emt 0:01:21]} 25. Rc1 {[%emt 0:05:35]} b6 {[%emt 0:00:28]} 26. Nf1 {[%emt 0:01:58]} Bg7 {[%emt 0:00:22]} 27. Bd2 {[%emt 0:02:48]} Rab8 {[%emt 0:01:09]} 28. Ng3 {[%emt 0:03:01]} Nf4 {[%emt 0:01:15]} 29. Bxf4 {[%emt 0:00:39]} exf4 {[%emt 0:00:08]} 30. Ne2 {[%emt 0:00:03]} Qc5 {[%emt 0:06:15]} 31. Nxf4 {[%emt 0:00:42]} b5 {[%emt 0:00:10]} 32. cxb5 {[%emt 0:02:19]} Qf2 {[%emt 0:00:19]} 33. Ne2 {[%emt 0:10:17]} Re8 {[%emt 0:00:24]} 34. Nc3 {[%emt 0:00:41]} Re3 {[%emt 0:00:16]} 35. Rgf1 {[%emt 0:00:21]} Qxb2+ {[%emt 0:00:22]} 36. Kxb2 {[%emt 0:00:19]} Rxd3 {[%emt 0:00:02]} 0-1

[Event "V Copa Marcel Duchamp 2022"]
[Site "Montevideo"]
[Date "2022.02.13"]
[Round "2.18"]
[White "Menna Barreto, Felipe Kubiaki"]
[Black "Manteiga, Franco"]
[Result "1/2-1/2"]
[WhiteElo "2351"]
[BlackElo "1915"]
[Annotator "TA"]
[PlyCount "62"]
[EventDate "2022.02.12"]
[EventCountry "URU"]
[SourceTitle "playchess.com"]
[Source "ChessBase"]
[SourceQuality "1"]

{[%evp 10,62,10,-23,12,10,14,0,6,0,0,0,0,0,4,-11,-7,0,0,-30,-18,-23,-18,-14,-7,-9,-8,-5,-4,-8,-11,-10,-8,-14,-3,-12,0,0,7,0,0,0,0,0,0,0,0,-6,-7,-7,0,0,0,0,0]} 1. d4 Nf6 2. Nf3 e6 3. Bg5 h6 4. Bxf6 Qxf6 5. e4 d6 6. Nbd2 g6 {A46: 1 d4 Nf6 2 Nf3 e6: Torre, London and Colle Systems.} (6... g5 $5 {[%cal Rg5g4]}) 7. c3 Bg7 8. Bb5+ Nd7 {[#]} 9. e5 $146 ({Predecessor:} 9. O-O O-O 10. Qb3 Qe7 11. Rfe1 a6 12. Bf1 b6 13. a4 Bb7 14. Rad1 Rab8 15. Qa3 {½-½ (28) Weiss,C (2406)-Polak,T (2520) Austria 2013}) 9... dxe5 10. Bxd7+ Bxd7 11. Nxe5 Qe7 12. Nxd7 Qxd7 13. O-O O-O 14. Nf3 Rfd8 15. Qb3 Qd5 16. Rfd1 {The position is equal.} Rd7 17. Qxd5 Rxd5 18. Kf1 Kf8 19. Ke2 Ke7 20. Rd3 Rad8 21. Rad1 Bf6 22. h3 R5d7 23. g4 Rh8 24. Nd2 h5 25. Ne4 hxg4 26. hxg4 Bg7 27. b3 Rdd8 28. Nd2 Rh4 29. Rg1 Rdh8 30. Nf3 Rh1 31. Rdd1 Rxg1 {Not much happened in this game.  Weighted Error Value: White=0.05 (flawless) /Black=0.04 (flawless)} 1/2-1/2

[Event "V Copa Marcel Duchamp 2022"]
[Site "Montevideo"]
[Date "2022.02.13"]
[Round "2.19"]
[White "Barandiaran, Gabriel"]
[Black "Lujan, Carolina"]
[Result "1/2-1/2"]
[WhiteElo "1878"]
[BlackElo "2334"]
[Annotator "TA"]
[PlyCount "51"]
[EventDate "2022.02.12"]
[EventCountry "URU"]
[SourceTitle "playchess.com"]
[Source "ChessBase"]
[SourceQuality "1"]

{[%evp 12,51,18,25,24,-3,29,-2,0,0,-1,0,0,-12,0,-62,-60,-73,-54,-40,-41,-42,-54,-39,-39,-53,-16,-18,-16,-17,-15,-16,0,0,0,-6,0,0,0,-3,0,-12]} 1. b4 d5 2. Bb2 Nf6 3. Nf3 c6 4. e3 g6 5. Be2 Bg7 6. O-O O-O 7. c4 Nbd7 {A15: English Opening: 1...Nf6.} 8. d4 a5 (8... dxc4 {seems wilder.} 9. Bxc4 Nd5 10. Qd2 a5 11. bxa5 Qxa5 12. Nc3 N7b6) 9. a3 {[#]} (9. cxd5 {is interesting.} Nxd5 10. b5 cxb5 11. Bxb5 N7b6 12. Nc3) 9... axb4 $146 ({Predecessor:} 9... dxc4 10. Bxc4 b5 11. Bb3 Nb6 12. Ne5 Bb7 13. bxa5 Rxa5 14. Bc3 Ra8 15. Bb4 Nfd5 {0-1 (27) Skrzypczak,M (1973)-Kulon,K (2374) Poland 2015}) 10. axb4 Rxa1 11. Bxa1 dxc4 12. Bxc4 Nb6 13. Nbd2 ({Better is} 13. Be2 $11) 13... Nxc4 $15 14. Nxc4 Bg4 (14... Qd5 $5 {[%cal Rd5c4]} 15. Nb6 Qb5 16. Nxc8 Rxc8 $15) 15. Nce5 {[%cal Ob4b5]} Bxf3 16. Nxf3 Nd5 17. Qb3 Qb6 18. Bc3 Qb5 {...Qd3 is the strong threat.} 19. Ra1 {The position is equal.} Qd3 20. Ra3 Rd8 {[%cal Oe7e5]} 21. Be1 Qe2 22. Qa2 Qd1 {[%cal Oe7e5]} 23. Qd2 Qb1 24. Qa2 Qd1 25. Qd2 Qb1 26. Qa2 {Weighted Error Value: White=0.12 (very precise) /Black=0.07 (flawless)} 1/2-1/2

[Event "V Copa Marcel Duchamp 2022"]
[Site "Montevideo"]
[Date "2022.02.13"]
[Round "2.20"]
[White "Vazquez, Facundo"]
[Black "Quevedo, Andreina"]
[Result "1-0"]
[WhiteElo "2319"]
[BlackElo "1867"]
[Annotator "ChessBase"]
[PlyCount "47"]
[EventDate "2022.02.12"]
[EventCountry "URU"]
[SourceTitle "playchess.com"]
[Source "ChessBase"]
[SourceQuality "1"]
[TimeControl "5400+30"]

1. d4 {[%emt 0:00:04]} Nf6 {[%emt 0:00:14]} 2. c4 {[%emt 0:00:11]} g6 {[%emt 0:00:16]} 3. g3 {[%emt 0:00:10]} Bg7 {[%emt 0:01:12]} 4. Bg2 {[%emt 0:00:12]} O-O {[%emt 0:00:11]} 5. Nf3 {[%emt 0:00:07]} d6 {[%emt 0:00:44]} 6. O-O {[%emt 0:00:03]} Nc6 {[%emt 0:00:59]} 7. Nc3 {[%emt 0:00:49]} a6 {[%emt 0:00:57]} 8. b3 {[%emt 0:01:05]} e5 {[%emt 0:03:09]} 9. e3 {[%emt 0:03:56]} Rb8 {[%emt 0:05:54]} 10. Bb2 {[%emt 0:02:37]} Bd7 {[%emt 0:01:49]} 11. Rc1 {[%emt 0:02:34]} b5 {[%emt 0:08:17]} 12. cxb5 {[%emt 0:04:18]} axb5 {[%emt 0:03:25]} 13. dxe5 {[%emt 0:04:33]} Nxe5 {[%emt 0:04:15]} 14. Nxe5 {[%emt 0:03:56]} dxe5 {[%emt 0:00:06]} 15. Nd5 {[%emt 0:01:44]} Nxd5 {[%emt 0:35:16]} 16. Qxd5 {[%emt 0:00:04]} Bf5 {[%emt 0:09:04]} 17. Qxd8 {[%emt 0:11:01]} Rfxd8 {[%emt 0:00:05]} 18. Rxc7 {[%emt 0:00:30]} Rd2 {[%emt 0:02:03]} 19. Bc3 {[%emt 0:01:12]} Rc2 {[%emt 0:06:44]} 20. Bd5 {[%emt 0:08:59]} Kh8 {[%emt 0:02:41]} 21. e4 {[%emt 0:02:14]} Bh3 {[%emt 0:06:08]} 22. Bxe5 {[%emt 0:02:52]} Rxc7 {[%emt 0:02:20]} 23. Bxc7 {[%emt 0:00:39]} Rc8 {[%emt 0:00:11]} 24. Rc1 {[%emt 0:00:47]} 1-0

[Event "V Copa Marcel Duchamp 2022"]
[Site "Montevideo"]
[Date "2022.02.13"]
[Round "2.21"]
[White "Rodriguez Buela, Martin"]
[Black "Lopez Azambuja, Nicolas"]
[Result "0-1"]
[WhiteElo "1796"]
[BlackElo "2318"]
[Annotator "ChessBase"]
[PlyCount "58"]
[EventDate "2022.02.12"]
[EventCountry "URU"]
[SourceTitle "playchess.com"]
[Source "ChessBase"]
[SourceQuality "1"]
[TimeControl "5400+30"]

1. d4 {[%emt 0:00:04]} Nf6 {[%emt 0:03:42]} 2. c4 {[%emt 0:00:13]} c5 {[%emt 0:00:09]} 3. d5 {[%emt 0:00:26]} e6 {[%emt 0:00:15]} 4. Nc3 {[%emt 0:00:34]} exd5 {[%emt 0:00:26]} 5. cxd5 {[%emt 0:00:13]} d6 {[%emt 0:00:16]} 6. e4 {[%emt 0:00:09]} g6 {[%emt 0:00:04]} 7. f4 {[%emt 0:00:28]} Bg7 {[%emt 0:00:50]} 8. Bb5+ {[%emt 0:00:16]} Nfd7 {[%emt 0:00:19]} 9. a4 {[%emt 0:00:11]} Qh4+ {[%emt 0:01:03]} 10. g3 {[%emt 0:09:31]} Qe7 {[%emt 0:00:41]} 11. Qc2 {[%emt 0:06:57]} Na6 {[%emt 0:01:12]} 12. Bxa6 {[%emt 0:03:21]} bxa6 {[%emt 0:00:01]} 13. Nf3 {[%emt 0:01:25]} O-O {[%emt 0:00:36]} 14. O-O {[%emt 0:01:55]} Rb8 {[%emt 0:03:08]} 15. Re1 {[%emt 0:04:01]} Rb4 {[%emt 0:05:03]} 16. a5 {[%emt 0:19:23]} Nf6 {[%emt 0:07:05]} 17. e5 {[%emt 0:14:03]} dxe5 {[%emt 0:05:48]} 18. d6 {[%emt 0:09:35]} Qb7 {[%emt 0:02:06]} 19. Nxe5 {[%emt 0:00:20]} Ng4 {[%emt 0:13:50]} 20. Na4 {[%emt 0:07:02]} Bf5 {[%emt 0:07:59]} 21. Qd1 {[%emt 0:10:28]} Rd4 {[%emt 0:04:10]} 22. Qf3 {[%emt 0:00:15]} Qb4 {[%emt 0:01:14]} 23. Nc3 {[%emt 0:03:39]} Re8 {[%emt 0:10:45]} 24. Ra4 {[%emt 0:02:20]} Qb8 {[%emt 0:01:40]} 25. d7 {[%emt 0:04:34]} Rxd7 {[%emt 0:02:35]} 26. Rd1 {[%emt 0:01:30]} Rxd1+ {[%emt 0:01:54]} 27. Qxd1 {[%emt 0:00:35]} Nxe5 {[%emt 0:00:10]} 28. fxe5 {[%emt 0:00:07]} Bxe5 {[%emt 0:00:07]} 29. Rc4 {[%emt 0:00:52]} Bxg3 {[%emt 0:01:07]} 0-1

[Event "V Copa Marcel Duchamp 2022"]
[Site "Montevideo"]
[Date "2022.02.13"]
[Round "2.22"]
[White "Spata, German"]
[Black "Pena Canapa, Alfredo"]
[Result "1-0"]
[WhiteElo "2300"]
[BlackElo "1841"]
[Annotator "TA"]
[PlyCount "111"]
[EventDate "2022.02.12"]
[EventCountry "URU"]
[SourceTitle "playchess.com"]
[Source "ChessBase"]
[SourceQuality "1"]

{[%evp 10,111,12,5,6,8,10,8,12,6,12,2,9,0,0,0,0,-12,-16,-8,0,0,0,0,0,0,0,0,0,0,0,-8,-6,-18,0,0,7,-9,-16,-41,-42,-58,-56,-64,-10,-29,-35,-31,-32,-43,0,0,0,0,0,0,0,0,0,-2,5,0,0,0,12,0,0,0,0,0,33,26,26,13,67,62,62,0,47,40,124,0,0,0,0,0,0,0,109,0,16,0,0,0,79,72,533,533,5160,1046,4927,4927,4922,4910]} 1. e4 c6 2. d4 d5 3. e5 Bf5 4. Nd2 e6 5. Nb3 Nd7 6. Nf3 c5 {B12: Caro-Kann: Advance Variation.} 7. dxc5 Bxc5 8. Nxc5 Nxc5 {The position is equal.} 9. Bb5+ Nd7 $1 {[#] White must now prevent ...Qa5+.} 10. O-O Ne7 {[#]} 11. Bf4 $146 ({Predecessor:} 11. Nd4 O-O 12. Re1 Nc5 13. Bg5 Bg6 14. c4 h6 15. Bh4 Qc7 16. Bxe7 Qxe7 17. cxd5 exd5 {0-1 (49) Nedev,T (2484)-Mamedyarov,S (2761) Baku 2016}) 11... Bg4 12. h3 Bxf3 13. Qxf3 O-O 14. Rfe1 Rc8 15. c3 Ng6 16. Bh2 Nc5 17. Bf1 Qb6 18. Re2 a5 19. Qe3 Nd7 {[%cal Bc5d7,Bd7b6,Bb6c4][%mdl 32]} 20. Qxb6 Nxb6 21. Rd1 Rfd8 22. f4 a4 {[%cal Oa4a3]} 23. a3 Nc4 24. Rd4 Ne7 25. g4 Nc6 26. Rd3 b5 (26... N6a5 $15) 27. Bg2 N6a5 28. f5 Nb3 {aiming for ...Nc1.} 29. Bf4 {Prevents Nc1.} Nc5 (29... d4 $15) 30. Rd1 $11 Rd7 31. Bg3 Rcd8 32. Bh4 Rc8 33. Bf2 Nb3 {[%cal Bc5b3,Bb3a5,Ba5c6][%mdl 32]} 34. h4 Nba5 35. h5 Nc6 36. Bg3 Re8 37. f6 Red8 38. fxg7 Kxg7 39. Bh4 Rc8 40. Bf6+ {This bishop pair is nice.} Kg8 41. Kh2 Kf8 ({Better is} 41... N6a5 $11) 42. g5 $14 Kg8 43. g6 (43. Kg3 $14) 43... hxg6 (43... fxg6 $11 {is superior.} 44. Bh3 Re8) 44. Bh3 $1 {hxg6 is the strong threat.} Re8 {[#]} (44... gxh5 $14 45. Rg2+ Kf8) 45. hxg6 ({Only move:} 45. Rg1 $1 $16) 45... fxg6 $11 46. Rg1 Kf7 47. Rg4 Rg8 48. Rh4 Nd8 (48... g5 $11 49. Rh7+ Ke8) 49. Rf4 (49. Bg5 $16) 49... Ke8 50. Rh4 {Prevents Rh7.} g5 51. Rg2 Ne3 (51... Rdg7 $11 {remains equal.}) 52. Rxg5 $16 Rxg5 {[%mdl 8192] Loses the game.} (52... Rf8 $16) 53. Bxg5 $18 {White is clearly winning.} Nf5 54. Bxf5 (54. Rh8+ $142 Kf7 55. Bg4) 54... exf5 55. Rh8+ Kf7 56. Rxd8 {Weighted Error Value: White=0.11 (very precise) /Black=0.28 (precise)} 1-0